000 00290nam a22001337a 4500
008 170307b xxu||||| |||| 00| 0 eng d
020 _a9780534394745
041 _aeng
080 _26 ED
_a611
100 _a6
101 _aSHM
245 _aHUMAN HEREDITY
_cCUMMINGS.M.R
942 _2udc
_cBK
999 _c6963
_d6963